Los duendes y el zapatero / (Record no. 29643)

MARC details
000 -LEADER
fixed length control field 00611 a2200217 4500
001 - CONTROL NUMBER
control field sjds
003 - CONTROL NUMBER IDENTIFIER
control field sjds
005 - DATE AND TIME OF LATEST TRANSACTION
control field 20240602202344.0
008 - FIXED-LENGTH DATA ELEMENTS--GENERAL INFORMATION
fixed length control field 240602b |||||||| |||| 00| 0 spa d
020 ## - INTERNATIONAL STANDARD BOOK NUMBER
International Standard Book Number 9780395630730
020 ## - INTERNATIONAL STANDARD BOOK NUMBER
International Standard Book Number 0395630738
040 ## - CATALOGING SOURCE
Transcribing agency sjds
041 ## - LANGUAGE CODE
Language code of text/sound track or separate title spa
100 ## - MAIN ENTRY--PERSONAL NAME
Personal name Robleda, Margarita
245 ## - TITLE STATEMENT
Title Los duendes y el zapatero /
Statement of responsibility, etc. Margarita Robleda Moguel, Monique Passicot (Illustrator)
260 ## - PUBLICATION, DISTRIBUTION, ETC. (IMPRINT)
Place of publication, distribution, etc. Boston :
Name of publisher, distributor, etc. Houghton Mifflin,
Date of publication, distribution, etc. c1993.
300 ## - PHYSICAL DESCRIPTION
Extent 32 pages :
Other physical details color illustrations ;
Dimensions 28 cm
440 ## - SERIES STATEMENT/ADDED ENTRY--TITLE
Title Celebremos la literatura
700 1# - ADDED ENTRY--PERSONAL NAME
Personal name Passicot, Monique
942 ## - ADDED ENTRY ELEMENTS (KOHA)
Koha item type Libro/Book
Holdings
Withdrawn status Lost status Damaged status Not for loan Home library Current library Date acquired Inventory number Total Checkouts Full call number Barcode Date last seen Date checked out Price effective from Koha item type
        San Juan Del Sur -- Mobile San Juan Del Sur -- Mobile 30/04/2024 Inventory date: 10-2-25 2 JI 33014430 05/11/2024 22/10/2024 30/04/2024 Libro/Book
        San Juan Del Sur -- Mobile San Juan Del Sur -- Mobile 02/06/2024 Inventory date: 10-2-25 2 JI 33014920 21/11/2024 23/10/2024 02/06/2024 Libro/Book

Powered by Koha